000 00264nam a22000977a 4500
008 221209b |||||||| |||| 00| 0 eng d
020 _a9789355955432
100 _aOSWAAL
_97599
245 _aCBSE QUESTION BANK (PHYSICS-12) (OSWAAL)
260 _aNew Delhi
_bOswaal
_c2022
999 _c12197
_d12197